[Event "Mezinarodni sachovy festival PLZEN 2024 – CALLIDITAS OPEN"]
[Site "Hotel Lions Plzeň"]
[Date "2024.09.10"]
[Round "2.8"]
[White "Krivka, Jan"]
[Black "Silhanek, Martin"]
[Result "0-1"]
[WhiteElo "1774"]
[BlackElo "1863"]
[PlyCount "82"]
[EventDate "2024.09.09"]

{[%evp 0,43,30,19,14,-5,7,5,-11,-4,0,-19,-10,-13,28,28,14,11,59,47,37,41,48,30,30,47,43,-61,-68,-54,-63,-66,26,-27,-38,-51,-40,-70,-4,0,-4,-35,-52,-17,-24,-12]} 1. d4 Nf6 2. Bg5 c5 3. Bxf6 gxf6 4. d5 d6 5. c4 Bg7 6. Nc3 a6 7. e3 Nd7 8. Nf3 h5 9. Be2 h4 10. h3 f5 11. Qd2 Nf6 12. Bd3 Qa5 13. e4 fxe4 14. Nxe4 Qxd2+ 15. Nexd2 Bd7 16. O-O-O b5 17. b3 Rb8 18. Kc2 Rh5 19. Rb1 Kf8 20. Ne4 Nxe4 21. Bxe4 f5 22. Bd3 Bf6 23. Rhe1 Rh8 24. Ng1 Rg8 25. Bf1 Bd4 26. Re2 Kf7 27. Nf3 Bf6 28. Ree1 f4 29. Kd2 Bf5 30. Rbc1 Bh7 31. Nh2 Bb2 32. Ng4 Bxc1+ 33. Kxc1 Kf8 34. Kd2 Rg7 35. Bd3 Bxd3 36. Kxd3 bxc4+ 37. Kxc4 Rb4+ 38. Kc3 Rd4 39. Re6 Rh7 40. Nh6 Rxd5 41. Rg6 Rg7 0-1

[Event "Mezinarodni sachovy festival PLZEN 2024 – CALLIDITAS OPEN"]
[Site "Hotel Lions Plzeň"]
[Date "2024.09.10"]
[Round "2.9"]
[White "Zemen, Jiri"]
[Black "Macho, Michal"]
[Result "1-0"]
[WhiteElo "1861"]
[BlackElo "1622"]
[PlyCount "75"]
[EventDate "2024.09.09"]

{[%evp 0,19,19,12,83,72,90,27,37,31,62,25,46,25,58,58,58,53,53,53,53,40]} 1. e4 d6 2. d4 g6 3. f4 Bg7 4. Nf3 Bg4 5. Be2 Nc6 6. Be3 Bxf3 7. Bxf3 e5 8. fxe5 dxe5 9. d5 Nd4 10. c3 Nxf3+ 11. Qxf3 h6 12. O-O Nf6 13. Nd2 O-O 14. Qh3 Qd7 15. Qf3 c6 16. c4 b5 17. Rad1 Rac8 18. Bxh6 Bxh6 19. Qxf6 Bg7 20. Qg5 bxc4 21. Nxc4 cxd5 22. Rxd5 Qa4 23. b3 Qxa2 24. Qg3 Rb8 25. Rd3 Rfd8 26. Rdf3 Rf8 27. Nd6 Qe2 28. Qh4 Qd2 29. Rh3 Bh6 30. Qxh6 Qxh6 31. Rxh6 Rxb3 32. Rf3 Rxf3 33. gxf3 a5 34. Nc4 a4 35. Nxe5 a3 36. Nxg6 a2 37. Ne7+ Kg7 38. Nf5+ 1-0

[Event "Mezinarodni sachovy festival PLZEN 2024 – CALLIDITAS OPEN"]
[Site "Hotel Lions Plzeň"]
[Date "2024.09.10"]
[Round "2.10"]
[White "Jezek, Jakub"]
[Black "Macho, Miloslav"]
[Result "1-0"]
[WhiteElo "1743"]
[BlackElo "1846"]
[PlyCount "61"]
[EventDate "2024.09.09"]

{[%evp 0,21,38,29,29,-23,45,26,39,43,91,93,74,72,80,70,59,60,48,61,92,65,58,40]} 1. d4 e6 2. c4 f5 3. g3 Nf6 4. Bg2 c6 5. Nf3 Bb4+ 6. Bd2 Be7 7. O-O O-O 8. Nc3 d5 9. Bf4 Bd6 10. Bxd6 Qxd6 11. Rc1 Nbd7 12. a3 dxc4 13. e3 b5 14. Ne5 Nd5 15. e4 Nxc3 16. Rxc3 f4 17. Nxc6 Bb7 18. Na5 Ba6 19. e5 Qb6 20. Bxa8 Rxa8 21. b4 cxb3 22. Qxb3 Qxa5 23. Qxe6+ Kh8 24. Rc6 Nb6 25. Rc7 Qxa3 26. Rxa7 Rb8 27. Qxb6 Qf8 28. Qxa6 f3 29. Qd6 Qc8 30. Qd7 Qf8 31. Qf7 1-0

[Event "Mezinarodni sachovy festival PLZEN 2024 – CALLIDITAS OPEN"]
[Site "Hotel Lions Plzeň"]
[Date "2024.09.10"]
[Round "2.11"]
[White "Laska, Vaclav"]
[Black "Holecek, Jan"]
[Result "1-0"]
[WhiteElo "1837"]
[BlackElo "1744"]
[PlyCount "67"]
[EventDate "2024.09.09"]

{[%evp 0,67,17,8,74,35,43,32,32,37,35,19,49,6,-2,14,39,38,40,29,32,48,62,68,91,78,31,33,29,27,124,111,114,94,126,132,578,603,608,618,618,623,611,645,636,633,641,650,668,675,865,801,838,593,752,675,745,697,716,681,778,724,757,778,790,801,807,783,925,884]} 1. d4 g6 2. c4 Bg7 3. Nc3 d6 4. e4 e5 5. d5 a5 6. f4 Nd7 7. Nf3 Ne7 8. Bd3 O-O 9. O-O exf4 10. Bxf4 f5 11. Qd2 Nc5 12. e5 dxe5 13. Bxe5 Bxe5 14. Nxe5 Qd6 15. Rae1 Bd7 16. Qe3 Rae8 17. Nxd7 Nxd5 18. Qxc5 Rxe1 19. Rxe1 Qxc5+ 20. Nxc5 Nxc3 21. bxc3 b6 22. Ne6 Rc8 23. Kf2 Kf7 24. c5 h6 25. Bc4 Kf6 26. Ba6 Rb8 27. cxb6 cxb6 28. Bb5 Rc8 29. c4 a4 30. Rd1 Ke5 31. Rd5+ Kf6 32. Rd6 a3 33. Nc7+ Kg5 34. Nd5 1-0

[Event "Mezinarodni sachovy festival PLZEN 2024 – CALLIDITAS OPEN"]
[Site "Hotel Lions Plzeň"]
[Date "2024.09.10"]
[Round "2.12"]
[White "Trejbal, Jan"]
[Black "Skoda, Jiri"]
[Result "0-1"]
[WhiteElo "1666"]
[BlackElo "1837"]
[PlyCount "38"]
[EventDate "2024.09.09"]

{[%evp 0,31,25,26,39,25,27,6,18,12,24,30,32,36,41,36,44,44,49,47,46,56,51,25,62,45,62,62,81,79,85,82,99,52]} 1. Nf3 Nc6 2. d4 d5 3. e3 a6 4. c4 e6 5. Nc3 Nf6 6. Bd2 Bb4 7. Qc2 O-O 8. Bd3 h6 9. a3 dxc4 10. Bxc4 Bxc3 11. bxc3 b6 12. O-O Bb7 13. e4 Rc8 14. Bd3 Kh8 15. h3 Qd7 16. Nh2 Rfd8 17. f4 Nxd4 18. Qd1 Nf5 19. exf5 Qxd3 0-1

[Event "Mezinarodni sachovy festival PLZEN 2024 – CALLIDITAS OPEN"]
[Site "Hotel Lions Plzeň"]
[Date "2024.09.10"]
[Round "2.13"]
[White "Roubik, Vit"]
[Black "Stepanek, Vit"]
[Result "*"]
[WhiteElo "1824"]
[BlackElo "1725"]
[PlyCount "65"]
[EventDate "2024.09.09"]

{[%evp 0,30,44,19,19,4,31,13,24,17,25,18,17,27,28,38,48,15,28,28,56,28,57,63,51,41,52,56,56,47,115,67,32]} 1. d4 Nf6 2. c4 g6 3. g3 Bg7 4. Bg2 O-O 5. Nc3 d6 6. Nf3 c6 7. O-O Bf5 8. Nh4 Bg4 9. h3 Bd7 10. Nf3 Na6 11. e4 c5 12. d5 e5 13. dxe6 Bxe6 14. Qe2 Re8 15. Be3 Qc8 16. Kh2 Nb4 17. a3 Nc6 18. Rad1 Nd4 19. Qd3 Nxf3+ 20. Bxf3 Bxh3 21. Kh1 Ng4 22. Kg1 Nxe3 23. Qxe3 Be6 24. b3 Rd8 25. Nd5 Bxd5 26. Rxd5 Rb8 27. Qf4 Qe6 28. Qh4 h5 29. g4 Qf6 30. Qxf6 Bxf6 31. gxh5 g5 32. a4 Be5 33. Kg2 *

[Event "Mezinarodni sachovy festival PLZEN 2024 – CALLIDITAS OPEN"]
[Site "Hotel Lions Plzeň"]
[Date "2024.09.10"]
[Round "2.14"]
[White "Matejka, Matyas"]
[Black "Koper, Stefan"]
[Result "0-1"]
[WhiteElo "1573"]
[BlackElo "1797"]
[PlyCount "81"]
[EventDate "2024.09.09"]

{[%evp 0,34,44,25,75,61,76,54,58,58,64,50,56,76,90,63,69,69,68,61,62,44,62,49,49,2,10,-8,-4,-5,-9,-4,18,11,31,11,14]} 1. e4 d6 2. Nf3 Bg4 3. h3 Bxf3 4. Qxf3 c5 5. Nc3 Nc6 6. Bb5 Rc8 7. d3 a6 8. Bxc6+ Rxc6 9. O-O e6 10. a4 Ne7 11. Bg5 h6 12. Bh4 g5 13. Qf6 Rg8 14. Bg3 Bg7 15. Qf3 Ng6 16. Rab1 Ne5 17. Qd1 Ng6 18. Ne2 Be5 19. b4 h5 20. bxc5 dxc5 21. Rxb7 h4 22. Bxe5 Nxe5 23. Qa1 Nd7 24. a5 g4 25. hxg4 Qg5 26. f3 f5 27. exf5 exf5 28. Re1 Qe3+ 29. Kf1 Re6 30. Rbb1 h3 31. Ng3 hxg2+ 32. Kxg2 Qd2+ 33. Ne2 Rxe2+ 34. Rxe2+ Qxe2+ 35. Kg1 Qe3+ 36. Kg2 Kd8 37. Re1 Qd2+ 38. Kf1 Qf4 39. Kf2 fxg4 40. Re3 gxf3 41. Rxf3 0-1

[Event "Mezinarodni sachovy festival PLZEN 2024 – CALLIDITAS OPEN"]
[Site "Hotel Lions Plzen"]
[Date "2024.09.11"]
[Round "3.1"]
[White "Hodl, Vojtech"]
[Black "Vilimek, Vit"]
[Result "0-1"]
[WhiteElo "1700"]
[BlackElo "2203"]
[PlyCount "68"]
[EventDate "2024.09.09"]

{[%evp 0,40,31,24,48,44,31,52,31,22,80,22,35,14,17,20,20,27,37,21,45,29,56,32,63,55,75,87,78,61,50,-82,-89,-110,-107,-144,-137,-115,-60,-71,-60,-91,-16]} 1. e4 Nc6 2. d4 d5 3. exd5 Qxd5 4. Nf3 Bg4 5. Be2 e6 6. Bf4 O-O-O 7. c3 Nf6 8. Nbd2 Qf5 9. Bg3 Nd5 10. Nc4 h6 11. h3 Bxf3 12. Bxf3 Bd6 13. Nxd6+ cxd6 14. Qe2 Kb8 15. b4 Nxc3 16. Qc4 Ne4 17. Bh2 Qd5 18. Rc1 Qxc4 19. Rxc4 f5 20. Ke2 e5 21. dxe5 d5 22. Bxe4 dxc4 23. Bxc6 bxc6 24. Ke3 g5 25. f4 g4 26. h4 Rd3+ 27. Ke2 Rhd8 28. Rc1 Rd2+ 29. Kf1 Rd1+ 30. Rxd1 Rxd1+ 31. Ke2 Rd5 32. Bg1 c3 33. Be3 c2 34. a4 Rd1 0-1

[Event "Mezinarodni sachovy festival PLZEN 2024 – CALLIDITAS OPEN"]
[Site "Hotel Lions Plzen"]
[Date "2024.09.11"]
[Round "3.2"]
[White "Mametev, Artem"]
[Black "Toman, Jan"]
[Result "1-0"]
[WhiteElo "2155"]
[BlackElo "1977"]
[PlyCount "73"]
[EventDate "2024.09.09"]

{[%evp 0,25,25,18,46,46,70,58,48,38,37,37,52,38,34,49,80,35,67,33,63,24,56,24,30,16,20,8]} 1. e4 c5 2. Nf3 d6 3. d4 cxd4 4. Nxd4 Nf6 5. Nc3 g6 6. Be3 Nc6 7. f3 h5 8. Bc4 Bd7 9. Bb3 Bg7 10. Qd2 Rc8 11. O-O Ne5 12. Qe2 a6 13. a4 Qc7 14. f4 Nc4 15. e5 dxe5 16. fxe5 Qxe5 17. Bxc4 Rxc4 18. Qxc4 Qxe3+ 19. Kh1 O-O 20. Rae1 Ng4 21. Rxe3 Nxe3 22. Qd3 Nxf1 23. Nf3 Bf5 24. Qxf1 Bxc2 25. Qe2 Bf5 26. Qxe7 b5 27. axb5 axb5 28. Nxb5 Bxb2 29. Ng5 Bc1 30. Nh7 Ra8 31. Nf6+ Kg7 32. Nd6 Be6 33. Nde8+ Kh6 34. Ng8+ Kh7 35. Qf8 Bb2 36. Nef6+ Bxf6 37. Nxf6# 1-0

[Event "Mezinarodni sachovy festival PLZEN 2024 – CALLIDITAS OPEN"]
[Site "Hotel Lions Plzen"]
[Date "2024.09.11"]
[Round "3.3"]
[White "Novotny, David"]
[Black "Hrdlica, Pavel"]
[Result "1-0"]
[WhiteElo "1967"]
[BlackElo "1949"]
[PlyCount "91"]
[EventDate "2024.09.09"]

{[%evp 0,57,19,21,50,31,43,23,36,43,39,30,21,11,6,6,28,19,26,26,26,29,29,16,17,21,101,59,68,68,48,49,68,68,72,63,63,63,80,61,79,120,126,105,114,129,120,108,108,108,115,100,102,102,126,159,165,165,166,174]} 1. e4 e6 2. d4 d5 3. Nc3 Nf6 4. Bg5 Be7 5. e5 Nfd7 6. h4 a6 7. Qg4 h5 8. Qg3 Bxg5 9. hxg5 g6 10. O-O-O c5 11. dxc5 Nc6 12. f4 Ne7 13. Qf2 Qa5 14. g4 Qxc5 15. Qd2 b5 16. Nf3 Qc7 17. gxh5 gxh5 18. Nd4 Nb6 19. Bd3 Bd7 20. Qe2 h4 21. Qg4 O-O-O 22. Rxh4 Nc4 23. Rxh8 Rxh8 24. Qf3 Nc6 25. Nxc6 Qxc6 26. Rh1 Rf8 27. Ne2 Qc5 28. Bxc4 Qxc4 29. Qe3 Kb7 30. b3 Qc7 31. Qd2 Kb6 32. Rh7 Qc8 33. Qb4 Qb8 34. Qe7 Qe8 35. Qd6+ Bc6 36. Nd4 Rg8 37. Qxc6+ Qxc6 38. Nxc6 Kxc6 39. Rxf7 d4 40. Kd2 Rh8 41. Kd3 Kc5 42. Rc7+ Kd5 43. Rd7+ Kc5 44. Rxd4 Rh3+ 45. Ke4 Rh1 46. b4+ 1-0

[Event "Mezinarodni sachovy festival PLZEN 2024 – CALLIDITAS OPEN"]
[Site "Hotel Lions Plzen"]
[Date "2024.09.11"]
[Round "3.4"]
[White "Seterle, Matej"]
[Black "Silhanek, Martin"]
[Result "*"]
[WhiteElo "1930"]
[BlackElo "1863"]
[PlyCount "82"]
[EventDate "2024.09.09"]

{[%evp 0,31,19,-16,1,-44,-44,-30,-11,-54,-48,-62,-35,-47,-40,-46,-37,-71,-58,-85,-33,-40,-13,-15,-18,-6,33,16,46,35,41,26,26,-21]} 1. d3 d5 2. c3 e5 3. Nf3 Nd7 4. Qa4 c6 5. e4 Bd6 6. Nbd2 Ne7 7. Be2 O-O 8. c4 d4 9. b4 Ng6 10. c5 Bc7 11. Nc4 h6 12. h4 f5 13. h5 Nf4 14. Bxf4 exf4 15. Qb3 Kh7 16. Qb2 fxe4 17. Nxd4 Ne5 18. dxe4 Nxc4 19. Bxc4 Be5 20. O-O-O Qf6 21. Qc2 Rd8 22. Nf3 Bg4 23. Be2 Rxd1+ 24. Bxd1 Rd8 25. Kb1 Bxf3 26. Bxf3 Rd4 27. a3 Qd8 28. Rd1 Rxd1+ 29. Qxd1 Qd4 30. Qxd4 Bxd4 31. Kc2 Bxf2 32. Kd3 g5 33. Kc4 Kg7 34. e5 Kf7 35. Bg4 Ke7 36. a4 b6 37. cxb6 Bxb6 38. Kd3 c5 39. b5 Bc7 40. e6 Kd6 41. Ke4 Bd8 *

[Event "Mezinarodni sachovy festival PLZEN 2024 – CALLIDITAS OPEN"]
[Site "Hotel Lions Plzen"]
[Date "2024.09.11"]
[Round "3.5"]
[White "Olejnik, Artur"]
[Black "Krivka, Matej"]
[Result "0-1"]
[WhiteElo "1703"]
[BlackElo "1917"]
[PlyCount "112"]
[EventDate "2024.09.09"]

{[%evp 0,35,25,23,23,4,43,33,32,38,39,13,13,16,43,27,18,-52,-27,-38,11,-3,23,6,22,-51,-3,-25,-22,-36,-33,-36,-70,-88,-88,-88,-88,-80]} 1. d4 Nf6 2. c4 g6 3. Nc3 Bg7 4. e4 d6 5. f4 O-O 6. Nf3 e5 7. fxe5 dxe5 8. Nxe5 c5 9. Bg5 Qxd4 10. Nf3 Qxd1+ 11. Rxd1 Nc6 12. Be2 Bg4 13. O-O Rae8 14. Bd3 Nd7 15. Nd5 Nde5 16. b3 Nxd3 17. Rxd3 Rxe4 18. Nf6+ Bxf6 19. Bxf6 Re2 20. Rf2 Rfe8 21. h3 Bxf3 22. gxf3 R2e6 23. Bc3 Nd4 24. Bxd4 Rd8 25. Rfd2 Red6 26. Kf2 cxd4 27. c5 Rd5 28. b4 Kg7 29. Rc2 Kf6 30. b5 Rc8 31. a4 a6 32. bxa6 bxa6 33. c6 Ke5 34. Rc4 Rc7 35. Ke2 f5 36. Rb3 Rd6 37. Rc5+ Kf4 38. Rb6 d3+ 39. Kd2 Kxf3 40. Rxa6 Kg3 41. Rb6 f4 42. Rg5+ Kh2 43. Rb4 f3 44. h4 Rcxc6 45. h5 Rc2+ 46. Kd1 Kh3 47. hxg6 hxg6 48. Rgg4 Rg2 49. Rgf4 Kg3 50. Rg4+ Kf2 51. Kd2 Kf1+ 52. Rxg2 Kxg2 53. Rg4+ Kh3 54. Rf4 Kg3 55. Rf7 f2 56. Ke3 d2 0-1

[Event "Mezinarodni sachovy festival PLZEN 2024 – CALLIDITAS OPEN"]
[Site "Hotel Lions Plzen"]
[Date "2024.09.11"]
[Round "3.6"]
[White "Hodan, Jiri"]
[Black "Sladek, Jaroslav"]
[Result "1-0"]
[WhiteElo "1903"]
[BlackElo "1849"]
[PlyCount "67"]
[EventDate "2024.09.09"]

{[%evp 0,44,19,33,8,37,61,48,66,55,68,60,56,56,81,82,75,36,27,1,-1,-14,19,19,30,30,89,89,89,89,81,64,90,92,89,80,65,36,76,69,96,99,122,146,184,172,152]} 1. e4 e5 2. Nf3 d6 3. Bc4 c6 4. Nc3 Be7 5. d4 Nd7 6. a4 a5 7. O-O Ngf6 8. Ng5 O-O 9. Kh1 exd4 10. Qxd4 Ne5 11. Be2 Bg4 12. f3 h6 13. Nxf7 Rxf7 14. fxg4 Nfxg4 15. Rxf7 Kxf7 16. h3 Nf6 17. Bf4 Qc7 18. Rf1 g5 19. Bh2 Kg7 20. Nd1 Re8 21. Ne3 Kg6 22. Nf5 Rf8 23. Rd1 Ne8 24. c4 Bf6 25. Qf2 Be7 26. Qd4 Bf6 27. Qd2 Be7 28. b3 Rf6 29. Bxe5 dxe5 30. Qd7 Re6 31. Qxe8+ Kf6 32. Qh8+ Kf7 33. Qh7+ Kf8 34. Qg7+ 1-0

[Event "Mezinarodni sachovy festival PLZEN 2024 – CALLIDITAS OPEN"]
[Site "Hotel Lions Plzen"]
[Date "2024.09.11"]
[Round "3.7"]
[White "Skoda, Jiri"]
[Black "Vlk, Miloslav"]
[Result "0-1"]
[WhiteElo "1837"]
[BlackElo "1873"]
[PlyCount "88"]
[EventDate "2024.09.09"]

{[%evp 0,32,25,16,10,31,31,14,56,-2,-9,-7,-7,-12,-18,1,4,-13,-1,-16,0,-26,-26,-17,-16,-26,-26,-26,-26,-31,-13,-10,5,-6,-3]} 1. e4 e5 2. Nf3 Nf6 3. Nc3 Bb4 4. a3 Bxc3 5. dxc3 Nc6 6. Bg5 h6 7. Bh4 d6 8. Bc4 Be6 9. Qe2 Qe7 10. Bb5 a6 11. Bxc6+ bxc6 12. Bxf6 Qxf6 13. Nd2 O-O 14. O-O Rfb8 15. b3 d5 16. c4 Re8 17. exd5 cxd5 18. cxd5 Bxd5 19. Ne4 Qg6 20. f3 Rad8 21. Rad1 Qb6+ 22. Kh1 Qc6 23. Ng3 f6 24. Rd2 Be6 25. Rfd1 Rd6 26. Qe4 Qc3 27. Rxd6 cxd6 28. h4 Rd8 29. Qb7 Qxc2 30. Rg1 Qxb3 31. Qe7 Ra8 32. Rc1 Bf7 33. Ne4 Qe6 34. Qb7 Qd5 35. Rc6 Re8 36. Nxd6 Rf8 37. Qxa6 Qd4 38. Rb6 Qxh4+ 39. Kg1 Rd8 40. Qa7 Qd4+ 41. Kh2 Rxd6 42. Rb8+ Kh7 43. Qxf7 Qh4+ 44. Kg1 Rd1# 0-1

[Event "Mezinarodni sachovy festival PLZEN 2024 – CALLIDITAS OPEN"]
[Site "Hotel Lions Plzen"]
[Date "2024.09.11"]
[Round "3.8"]
[White "Koper, Stefan"]
[Black "Zemen, Jiri"]
[Result "1-0"]
[WhiteElo "1797"]
[BlackElo "1861"]
[PlyCount "85"]
[EventDate "2024.09.09"]

{[%evp 0,46,25,26,18,-9,30,11,42,29,35,27,27,19,22,10,24,-2,-8,10,18,-4,38,-20,-24,-41,-15,-16,-10,-1,15,28,24,24,46,34,47,41,37,44,47,47,42,40,43,22,24,5,51]} 1. d4 d5 2. c4 c6 3. cxd5 cxd5 4. Nc3 Nf6 5. Nf3 Nc6 6. Bf4 Bf5 7. e3 e6 8. Bb5 Bd6 9. Ne5 Bxe5 10. Bxe5 O-O 11. Bxf6 Qxf6 12. Bxc6 bxc6 13. O-O Rab8 14. Na4 Qg6 15. Rc1 Rfc8 16. b3 Qg5 17. f4 Qd8 18. Qd2 Rb5 19. h3 Qc7 20. Nc5 h5 21. a4 Rb6 22. Rc3 a5 23. Qe2 Bg6 24. g4 hxg4 25. hxg4 f6 26. Nxe6 Qe7 27. f5 Bf7 28. Nf4 Qb4 29. Qc2 Re8 30. Rf3 Kf8 31. Nd3 Qd6 32. Nc5 Ke7 33. Qh2 Qxh2+ 34. Kxh2 Rh8+ 35. Rh3 Rbb8 36. Rc1 Rxh3+ 37. Kxh3 g6 38. Kg3 gxf5 39. gxf5 Rg8+ 40. Kf2 Rb8 41. Rh1 Rc8 42. Rh2 Rb8 43. Ke2 1-0

[Event "Mezinarodni sachovy festival PLZEN 2024 – CALLIDITAS OPEN"]
[Site "Hotel Lions Plzen"]
[Date "2024.09.11"]
[Round "3.9"]
[White "Chudek, Lubomir"]
[Black "Laska, Vaclav"]
[Result "1/2-1/2"]
[WhiteElo "1856"]
[BlackElo "1837"]
[PlyCount "75"]
[EventDate "2024.09.09"]

{[%evp 0,12,19,39,71,71,56,-1,47,-36,-44,-41,-54,-65,-22]} 1. e4 c6 2. d4 d5 3. f3 e6 4. e5 c5 5. Bb5+ Bd7 6. Bxd7+ Qxd7 7. c3 Ne7 8. Ne2 Nf5 9. O-O cxd4 10. cxd4 Nc6 11. Kh1 Be7 12. a3 h5 13. Qd3 h4 14. Nbc3 Rc8 15. Nd1 Bd8 16. Ne3 Nce7 17. Nxf5 Nxf5 18. Bd2 Bb6 19. Rac1 O-O 20. Rxc8 Rxc8 21. Bc3 Qa4 22. g4 hxg3 23. hxg3 Qc4 24. Qxc4 Rxc4 25. Rd1 g5 26. Kg1 Kg7 27. Kf2 f6 28. g4 Ne7 29. exf6+ Kxf6 30. Kg3 Rc8 31. Rh1 Bc7+ 32. Kg2 Ng6 33. Rh7 Nf8 34. Rh6+ Ng6 35. Rh7 Nf8 36. Rh8 Kg7 37. Rh5 Bf4 38. Kf2 1/2-1/2

[Event "Mezinarodni sachovy festival PLZEN 2024 – CALLIDITAS OPEN"]
[Site "Hotel Lions Plzen"]
[Date "2024.09.11"]
[Round "3.10"]
[White "Roubik, Vit"]
[Black "Jezek, Jakub"]
[Result "1/2-1/2"]
[WhiteElo "1824"]
[BlackElo "1743"]
[PlyCount "28"]
[EventDate "2024.09.09"]

{[%evp 0,28,17,37,21,3,32,18,18,10,24,13,17,31,33,28,39,25,15,4,17,4,33,44,44,27,70,30,30,8,96]} 1. d4 Nf6 2. c4 g6 3. g3 Bg7 4. Bg2 O-O 5. Nc3 d6 6. Nf3 Nbd7 7. O-O e5 8. e4 exd4 9. Nxd4 Nc5 10. f3 c6 11. Be3 a5 12. Qc2 Re8 13. Rfe1 Nfd7 14. b3 Ne6 1/2-1/2

[Event "Mezinarodni sachovy festival PLZEN 2024 – CALLIDITAS OPEN"]
[Site "Hotel Lions Plzen"]
[Date "2024.09.11"]
[Round "3.11"]
[White "Stepanek, Vit"]
[Black "Zdrahal, Vaclav"]
[Result "0-1"]
[WhiteElo "1725"]
[BlackElo "1854"]
[PlyCount "94"]
[EventDate "2024.09.09"]

{[%evp 0,16,19,43,26,25,25,39,11,38,45,46,40,36,3,11,49,4,-2]} 1. e4 e5 2. Nf3 Nc6 3. d4 exd4 4. Nxd4 Bc5 5. Be3 Qf6 6. c3 Nge7 7. Be2 Nxd4 8. Bxd4 Bxd4 9. Qxd4 Qg6 10. O-O O-O 11. Re1 Nc6 12. Qe3 d6 13. Nd2 Ne5 14. Rad1 f5 15. f4 Qh6 16. Qg3 Ng6 17. Bc4+ Kh8 18. e5 dxe5 19. fxe5 f4 20. Qf2 Bg4 21. Nf3 Bxf3 22. Qxf3 Nh4 23. Qf2 Nf5 24. Rd3 Ne3 25. Bb3 Ng4 26. Rh3 Qxh3 27. gxh3 Nxf2 28. Kxf2 g5 29. e6 Rae8 30. Kf3 Re7 31. Re5 h6 32. Ra5 a6 33. Bd5 c6 34. Bb3 Kg7 35. a3 Rd8 36. Bc4 Rd2 37. b4 Rxh2 38. Kg4 Rg2+ 39. Kf3 Rg3+ 40. Ke4 Rxc3 41. Kd4 Rxh3 42. Rf5 Rxa3 43. Rf7+ Rxf7 44. exf7 f3 45. Kc5 Rc3 46. Kd4 Rxc4+ 47. Kxc4 f2 0-1

[Event "Mezinarodni sachovy festival PLZEN 2024 – CALLIDITAS OPEN"]
[Site "Hotel Lions Plzen"]
[Date "2024.09.11"]
[Round "3.12"]
[White "Macho, Michal"]
[Black "Krivka, Jan"]
[Result "1/2-1/2"]
[WhiteElo "1622"]
[BlackElo "1774"]
[PlyCount "36"]
[EventDate "2024.09.09"]

{[%evp 0,18,42,-11,-17,-12,-15,-33,6,-4,4,-12,19,-42,-42,-42,-42,-36,-43,-46,-42]} 1. c4 e5 2. Nc3 Nf6 3. g3 c6 4. Bg2 d5 5. d3 dxc4 6. dxc4 Qxd1+ 7. Nxd1 Bb4+ 8. Bd2 Bxd2+ 9. Kxd2 O-O 10. Ne3 Ng4 11. Nxg4 Bxg4 12. h3 Be6 13. Rc1 Rd8+ 14. Kc3 a5 15. Nf3 f6 16. Rhd1 Na6 17. b3 Rac8 18. Nd2 Kf7 1/2-1/2

[Event "Mezinarodni sachovy festival PLZEN 2024 – CALLIDITAS OPEN"]
[Site "Hotel Lions Plzen"]
[Date "2024.09.11"]
[Round "3.13"]
[White "Macho, Miloslav"]
[Black "Brotanek, Tomas"]
[Result "1-0"]
[WhiteElo "1846"]
[BlackElo "1710"]
[PlyCount "149"]
[EventDate "2024.09.09"]

{[%evp 0,97,25,25,73,56,55,-33,22,6,2,5,5,0,37,35,72,44,54,15,5,-15,-7,-1,7,-25,1,-20,23,-30,4,-56,-23,-55,24,-17,-15,-11,35,42,202,79,87,37,180,150,301,321,299,299,311,-35,-12,-26,-36,-32,-43,-43,-57,-60,-19,-25,8,14,26,-1,-4,-1,0,0,16,16,0,0,10,0,8,8,222,222,201,195,173,144,144,195,199,182,195,210,580,891,891,891,872,483,483,992,992,1002]} 1. e4 c6 2. Nc3 d5 3. Qf3 e6 4. exd5 exd5 5. d4 Bd6 6. Bd3 Ne7 7. Nge2 h6 8. O-O Nd7 9. Ng3 Nf6 10. Nh5 Nxh5 11. Qxh5 g6 12. Qe2 Be6 13. Na4 Qc7 14. h3 O-O-O 15. b3 Nf5 16. Bb2 Qe7 17. c4 Nh4 18. f4 Qf6 19. Nc5 Bxf4 20. Nxe6 fxe6 21. Rae1 Rde8 22. Qg4 Rhf8 23. g3 g5 24. gxh4 gxh4 25. Rxf4 Qxf4 26. Qxf4 Rxf4 27. Rf1 Rg8+ 28. Kh2 Rxf1 29. Bxf1 Rf8 30. Kg2 Rf4 31. Be2 b6 32. Bf3 dxc4 33. Bxc6 cxb3 34. axb3 Kc7 35. Bf3 Kd7 36. Kf2 a5 37. Ke3 Rf5 38. d5 exd5 39. Bg4 Ke6 40. Bc3 h5 41. Bxf5+ Kxf5 42. Kf3 Kg5 43. Ke3 Kf5 44. Be1 d4+ 45. Kxd4 Kf4 46. Bxh4 b5 47. Bd8 a4 48. bxa4 bxa4 49. Kc3 Kf3 50. h4 Ke3 51. Kb4 Kd4 52. Be7 Kd3 53. Kxa4 Kc4 54. Ka5 Kd5 55. Kb5 Ke6 56. Bd8 Kd7 57. Bg5 Kd6 58. Kc4 Ke5 59. Kd3 Kd5 60. Ke3 Ke5 61. Kf3 Kf5 62. Bf4 Kf6 63. Ke4 Kg6 64. Bg5 Kf7 65. Kf5 Kg7 66. Bf6+ Kh6 67. Be5 Kh7 68. Kg5 Kg8 69. Kxh5 Kf7 70. Kh6 Ke6 71. Kg6 Kxe5 72. h5 Ke6 73. h6 Ke7 74. h7 Ke6 75. h8=Q 1-0

[Event "Mezinarodni sachovy festival PLZEN 2024 – CALLIDITAS OPEN"]
[Site "Hotel Lions Plzen"]
[Date "2024.09.11"]
[Round "3.14"]
[White "Holecek, Jan"]
[Black "Trejbal, Jan"]
[Result "1/2-1/2"]
[WhiteElo "1744"]
[BlackElo "1666"]
[PlyCount "128"]
[EventDate "2024.09.09"]

{[%evp 0,34,19,0,15,-12,37,39,33,33,40,31,37,43,33,28,24,32,25,31,44,17,39,35,33,33,38,18,29,21,32,36,34,33,33,41,37]} 1. c4 Nf6 2. Nc3 g6 3. e4 d6 4. d4 Bg7 5. Nf3 O-O 6. Be2 c5 7. O-O cxd4 8. Nxd4 Nc6 9. Be3 a6 10. Qd2 Ng4 11. Bxg4 Bxg4 12. f3 Bd7 13. Rfd1 Rc8 14. b3 f5 15. Rac1 Qa5 16. Nd5 Qxd2 17. Rxd2 Rce8 18. exf5 Nxd4 19. Bxd4 Bh6 20. Be3 Bxe3+ 21. Nxe3 Bxf5 22. Nd5 Kf7 23. Re1 e5 24. Ne3 Rd8 25. Red1 Ke7 26. Nd5+ Kd7 27. Ne3 Ke7 28. h3 Be6 29. Nd5+ Bxd5 30. Rxd5 Rf6 31. Kf2 Rc8 32. Ke3 Rc6 33. Rh1 Ke6 34. Rhd1 Ke7 35. g3 b6 36. a3 g5 37. R1d3 Rh6 38. f4 exf4+ 39. gxf4 Rxh3+ 40. Ke4 Rxd3 41. Rxd3 gxf4 42. Rh3 b5 43. cxb5 axb5 44. Rxh7+ Kf6 45. Kxf4 Rc3 46. a4 bxa4 47. bxa4 Rc4+ 48. Ke3 Rxa4 49. Kd3 Ke5 50. Rh5+ Ke6 51. Rh6+ Kd5 52. Rh5+ Kc6 53. Rh6 Kc5 54. Rh5+ d5 55. Rg5 Ra3+ 56. Kd2 Kc4 57. Rg4+ d4 58. Rh4 Ra2+ 59. Kc1 Rg2 60. Rh3 d3 61. Rh8 Rg4 62. Kd2 Rg2+ 63. Kd1 Kc3 64. Rc8+ Kd4 1/2-1/2

[Event "Mezinarodni sachovy festival PLZEN 2024 – CALLIDITAS OPEN"]
[Site "Hotel Lions Plzen"]
[Date "2024.09.12"]
[Round "4.1"]
[White "Vilimek, Vit"]
[Black "Novotny, David"]
[Result "1-0"]
[WhiteElo "2203"]
[BlackElo "1967"]
[PlyCount "73"]
[EventDate "2024.09.09"]

{[%evp 0,21,19,25,52,49,93,49,47,19,59,-13,6,-29,6,6,6,6,17,12,17,4,4,32]} 1. e4 c5 2. b3 g6 3. Bb2 Nf6 4. Nc3 Bg7 5. Nd5 Nc6 6. Bxf6 Bxf6 7. Nxf6+ exf6 8. Bc4 Qe7 9. d3 f5 10. f3 Qh4+ 11. g3 Qf6 12. Ne2 fxe4 13. fxe4 Ne5 14. Nf4 Nf3+ 15. Kf2 Ng5 16. Kg2 d6 17. h4 Ne6 18. Nd5 Qe5 19. Qf3 O-O 20. h5 Ng5 21. Qf4 Qxf4 22. gxf4 Ne6 23. hxg6 hxg6 24. f5 Nd4 25. f6 Re8 26. Rh6 Bg4 27. Ne7+ Rxe7 28. Rxg6+ Kf8 29. fxe7+ Kxe7 30. Rxg4 Nxc2 31. Rh1 Ne3+ 32. Kf3 Nxg4 33. Kxg4 Rg8+ 34. Kf3 Rg7 35. Rh8 Kd7 36. Rf8 Ke7 37. Rb8 1-0